Vista normal
Vista MARC
Entrada Personal Name
Número de registros utilizados en: 2
001 - CONTROL NUMBER
- control field: 64645
003 - CONTROL NUMBER IDENTIFIER
- control field: OSt
005 - DATE AND TIME OF LATEST TRANSACTION
- control field: 20250902161011.0
008 - FIXED-LENGTH DATA ELEMENTS
- fixed length control field: 250902|| aca||aabn | a|a d
040 ## - CATALOGING SOURCE
- Original cataloging agency: OSt
- Transcribing agency: OSt
100 ## - HEADING--PERSONAL NAME
- Personal name: Claramonte, Andrés de,
- Dates associated with a name: 1580?-1626
670 ## - SOURCE DATA FOUND
- Source citation: Work cat.: (OSt)59025: Musset, Alfred de, 1810-1857. autor 64643, Historia de un mirlo blanco /